00462nam a2200193Ia 4500008004100000020001800041050001400059100002000073245002500093245003100118245002000149260001500169260001600184260000900200300001400209300002700223300001000250500000800260170918s9999 xx 000 0 und d a9780439867849 bR684 2004 aRockwell, Lizzy 4aThe busy body book : ba kid's guide to fitness / cLizzy Rockwell. aNew York : bScholastic, c2004 aunpaged : bcolored illustration ; c28cm. a680